| 000 | 00568cam a22002291 4500 | ||
|---|---|---|---|
| 001 | ne 64000723 | ||
| 003 | DLC | ||
| 005 | 20260227111757.0 | ||
| 008 | 890904q19601969xx 000 0 ara | ||
| 010 | _ane 64000723 | ||
| 035 | _a(OCoLC)23518587 | ||
| 040 |
_aDLC _cMiU _dDLC |
||
| 042 | _apremarc | ||
| 050 | 0 | 0 |
_aDS98.3.H3 _bS5 |
| 100 | 1 |
_aSibāʻī, Fāḍil, _d1929- |
|
| 245 | 1 | 3 | _aal-Za'im Ibrāhim Hanānū. |
| 260 | _c[196-.] | ||
| 300 |
_a37 p. _c19 cm. |
||
| 490 | 0 | _a# | |
| 504 | _aBibliography: p. 37. | ||
| 600 | 1 | 0 |
_aHanānu, Ibrāhīm, _d1869-1935. |
| 999 |
_c46825 _d46825 |
||